00327nam a22000977a 4500082001700000245009900017260003000116300001000146650002100156650005200177 aA6x5415 J781 aUnfolding Central Himalaya: the cradle of culturecedited by B.K. Joshi and Maheshwar P. Joshi aAlmorabAlmora Bookc2017 a364p. aCentral Himalaya aEconomic development - Central Himalaya - India